MARC details
| 000 -LEADER |
| campo de control de longitud fija |
01044nam a22002417a 4500 |
| 003 - IDENTIFICADOR DE NÚMERO DE CONTROL |
| campo de control |
OSt |
| 005 - FECHA Y HORA DE LA ÚLTIMA TRANSACCIÓN |
| campo de control |
20240725165644.0 |
| 008 - DATOS DE LONGITUD FIJA--INFORMACIÓN GENERAL |
| campo de control de longitud fija |
240725b |||||||| |||| 00| 0 eng d |
| 020 ## - NÚMERO INTERNACIONAL ESTÁNDAR DEL LIBRO |
| Número Internacional Estándar del Libro |
9589172245 |
| 040 ## - FUENTE DE CATALOGACIÓN |
| Centro catalogador/agencia de origen |
CO-UdeC |
| Lengua de catalogación |
ESP |
| Centro/agencia transcriptor |
CO-UdeC |
| Centro/agencia modificador |
CO-UdeC |
| Normas de descripción |
AARC |
| 082 04 - NÚMERO DE LA CLASIFICACIÓN DECIMAL DEWEY |
| Número de clasificación |
861 |
| Número de ítem |
G172 |
| 100 1# - ENTRADA PRINCIPAL--NOMBRE DE PERSONA |
| Nombre de persona |
Gallo Isaza, Orlando |
| 9 (RLIN) |
2641 |
| Fechas asociadas al nombre |
1959- |
| 245 10 - MENCIÓN DEL TÍTULO |
| Título |
Siendo en las cosas : |
| Resto del título |
poesía reunida / |
| Mención de responsabilidad, etc. |
Orlando Gallo Isaza. |
| 260 3# - PUBLICACIÓN, DISTRIBUCIÓN, ETC. |
| Lugar de publicación, distribución, etc. |
Medellín : |
| Nombre del editor, distribuidor, etc. |
Instituto para el Desarrollo de Antioquia -IDEA-. |
| Fecha de publicación, distribución, etc. |
1996. |
| 300 ## - DESCRIPCIÓN FÍSICA |
| Extensión |
144 p. ; |
| Dimensiones |
23 cm. |
| 490 0# - MENCIÓN DE SERIE |
| Mención de serie |
Colección Autores Antioqueños ; |
| Designación de volumen o secuencia |
102. |
| 505 00 - NOTA DE CONTENIDO CON FORMATO |
| Nota de contenido con formato |
La poesía de Orlando Gallo: humor y levedad -- Los paisajes fragmentarios -- En la víspera -- A propósito -- El huésped ingrato -- Siendo en las cosas -- I -- El desamor -- II -- La próxima línea, tal vez -- Lugares -- Volver al barrio -- Los otros lugares -- Posdata |
| 546 ## - NOTA DE IDIOMA |
| Nota de lengua/lenguaje |
Español |
| 650 04 - PUNTO DE ACCESO ADICIONAL DE MATERIA--TÉRMINO DE MATERIA |
| Término de materia o nombre geográfico como elemento de entrada |
Autores colombianos |
| 9 (RLIN) |
2422 |
| 650 14 - PUNTO DE ACCESO ADICIONAL DE MATERIA--TÉRMINO DE MATERIA |
| Término de materia o nombre geográfico como elemento de entrada |
Poesía antioqueña |
| 9 (RLIN) |
1815 |
| 650 14 - PUNTO DE ACCESO ADICIONAL DE MATERIA--TÉRMINO DE MATERIA |
| Término de materia o nombre geográfico como elemento de entrada |
Poesía colombiana |
| 9 (RLIN) |
1754 |
| 942 ## - ELEMENTOS DE ENTRADA SECUNDARIOS (KOHA) |
| Fuente del sistema de clasificación o colocación |
Clasificación Decimal Dewey |
| Tipo de ítem Koha |
Libros |
| Parte de la signatura que corresponde a la clasificación (Parte de la clasificación) |
861 G172 |
| Suprimir en OPAC |
No |